| 000 | 01386cam a22002054a 4500 | ||
|---|---|---|---|
| 005 | 20250605164215.0 | ||
| 008 | 250528s ||||||||||||||||||||||||d | ||
| 035 | _a20439 | ||
| 020 | _a396089143 | ||
| 040 |
_aGR-AtMCL _bgre _dGR-AtMCL _eAACR2 |
||
| 245 | 1 | _aHow to Meet the Press | |
| 260 |
_bDodd, Mead & Company, _c1987 |
||
| 300 | _a208 | ||
| 505 | 0 | _aAcknowledgements, Foreword, How to Meet the Press, A Bouillabaisse, A Baker's Half-Dozen, Be Prapared, Style Versus Substance, Basic Training, The Irrelevant Question, Let's Pretend, The Inconsistency Trap, Bottom Line Cohen, The Absent Party Question, The Loaded Preface, Triskaidekaphobia, Outnumbered, On the Record, A Baker's Dozen, ''Mike Fright'', Communications in a Crisis, L'Esprit de l'Escalier, Small Talk, The Political Equivalent, Epilogue, Index. | |
| 520 | _aAcknowledgements, Foreword, How to Meet the Press, A Bouillabaisse, A Baker's Half-Dozen, Be Prapared, Style Versus Substance, Basic Training, The Irrelevant Question, Let's Pretend, The Inconsistency Trap, Bottom Line Cohen, The Absent Party Question, The Loaded Preface, Triskaidekaphobia, Outnumbered, On the Record, A Baker's Dozen, ''Mike Fright'', Communications in a Crisis, L'Esprit de l'Escalier, Small Talk, The Political Equivalent, Epilogue, Index. | ||
| 700 | 1 |
_aHilton Jack _96425 |
|
| 942 | _cBK | ||
| 999 |
_c5546 _d5546 |
||